000 00308nam a22001337a 4500
008 181205b xxu||||| |||| 00| 0 eng d
020 _a9780877795759
041 _aeng
080 _a821
100 _a27
101 _aGJU
245 _aMeriam Websters Elementary Dictionary
_cRobert.P
942 _2udc
_cBK
999 _c52911
_d52911